Statistieken voor Meest Voorkomende Woorden in Nederlandse JetPunk-Quiztitels

Klik hier om de quiz te nemen!

Algemene statistieken

  • Deze quiz is 498 keer genomen
  • De gemiddelde score is 10 van 20

Antwoordstatistieken

PlaatsWoord% Correct
3De / Het
84%
1Land / Landen
81%
13Een
69%
4Wereld
60%
7In
59%
2Van
58%
12Europa / Europees / Europese
57%
19Nederland / Nederlands / Nederlandse / Nederlanden
56%
15Vlag / Vlaggen / Landvlaggen / Wereldvlaggen
54%
6Met
51%
9Quiz / Quizzen
51%
17Amerika / Amerikaans / Amerikaanse
45%
18Hoofdstad / Hoofdsteden / Wereldhoofdsteden / Hoofdstedelijk
44%
10Op
43%
11Die / Dat
36%
5Kaart / Wereldkaart / Landkaart / Kaartquiz
35%
8Willekeurig / Willekeurige / Random
32%
20Naar
24%
14Beginnen / Starten / Beginnend / Begint
18%
16Seconde / Secondes / Seconden
18%

Scoreverdeling

Percentiel versus Aantal Correcte Antwoorden

Procent van Mensen met Elke Score

Uw Scoregeschiedenis

U heeft deze quiz nog niet genomen